Responses for Show #8371 - Monday, April 5, 2021

First game with Aaron Rodgers as guest host.
Champion's winnings & consolation amounts matched to the North Valley Community Foundation.

Contestants

[<< previous game]

JoBeth Thomas, a database architect from Carrollton, Georgia

Brandon Deutsch, a student from Long Beach, California

Scott Shewfelt, a writer originally from Tavistock, Ontario, Canada (whose 2-day cash winnings total $46,800)

[next game >>]

Jeopardy! Round responses

STATE THE STATE
PARTS OF THE BODY
POP CULTURE-POURRI
FORTUNE FAVORS THE BALD
"BUT"
FIRST, COFFEE
    $200 11
California

Scott
    $200 14
the heart

Brandon
    $200 29
The Equalizer

Brandon
    $200 30
(Mahatma) Gandhi

JoBeth
    $200 7
the belly button

Brandon
    $200 23
the Quran

Scott
    $400 13
(Scott: What is Maryland?)

Virginia

ScottJoBeth
    $400 15
(Brandon: What is the socket?)
(Aaron: No.)
(Brandon: Ball socket?)

the knee

BrandonJoBeth
    $400 28
(Aaron: Arrr, you got it.)
[Laughter]

Long John Silver

Scott
    $400 21
The King and I

Scott
    $400 6
a buttress

Brandon
    $400 24
instant coffee

JoBeth
    $600 3
Utah

Scott
    $600 16
lobe

Brandon
    $600 27
Alabama

Scott
    $600 20
Larry David

Brandon
    $600 5
a butler

Brandon
    $600 25
(Brandon: What is a coffeehouse?)

Starbucks

ScottBrandon
    $800 10
New Jersey

JoBeth
    $800 18
tonsils

Brandon
    $800 17
Devo

JoBeth
    $800 1
[Laughter after Scott went to this category for his first selection]

the Dalai Lama

Brandon
    $800 8
a halibut

Brandon
    $800 26
Java

Brandon
    $1000 12
South Dakota

Brandon
    $1000 19
bile

Scott
    $1000 4
Donkey Kong

Scott
    $1,000 2
(Nikita) Khrushchev

Brandon
    $1000 9
(Aaron: I've never heard of it either.)

a sackbut

Triple Stumper
    $1000 22
(Scott: Uh, what is roasting?)

decaffeinating

ScottJoBeth

Scores at the first commercial break (after clue 16):

Scott Brandon JoBeth
$1,400 $5,200 $1,600

Scores at the end of the Jeopardy! Round:

Scott Brandon JoBeth
$3,600 $7,000 $4,000

Double Jeopardy! Round responses

HISTORY POTPOURRI
DROPS IN THE OCEAN
11-LETTER WORDS
SCULPTURE MATERIALS
BASEBALL MANAGERS
HEMINGWAY
(Aaron: ...which is a new series from Ken Burns that begins today on PBS.)
    $400 5
(Brandon: What is Red Coat?)

Turncoat

BrandonJoBeth
    $400 19
Sound

Brandon
    $400 6
linguistics

Brandon
    $400 23
granite

JoBeth
    $400 15
catcher

Scott
    $400 28
(Scott: What is Wisconsin?)

Michigan

ScottBrandon
    $800 3
the UN

Brandon
    $800 20
(Scott: What is the Pacific?)

the Arctic Ocean

ScottBrandon
    $800 7
(Scott: What is a pterosaur?)

pterodactyl

ScottBrandon
    $800 21
bronze

Brandon
    $800 14
the Chicago Cubs

Brandon
    $800 26
bullfighting

Scott
    $1200 2
the Mongols

Brandon
    $1200 17
the Sea of Japan

Scott
    $1200 8
adolescence

Brandon
    $1200 22
cardboard

JoBeth
    $1200 13
Casey Stengel

Triple Stumper
    $1200 29
The Sun Also Rises

Scott
    $1600 1
(JoBeth: Who are slaves?)
(Scott: Who are, uh, Guantanamo Bay prisoners?)
(Brandon: Who are Japanese internment camp survivors?)

the Iran hostages

ScottBrandonJoBeth
Triple Stumper
    $1600 16
the Baltic Sea

Brandon
    $1600 9
preparation

Scott
    $1600 24
jade

Brandon
    $1600 11
the (Baltimore) Orioles

Scott
    $4,500 30
The Old Man and the Sea

Scott
    $4,500 4
1789

Brandon
    $2000 18
(Scott: What is the, uh, Gulf of Mozambique?)

the Mozambique Channel

ScottJoBeth
    $2000 10
prestigious

Triple Stumper
    $2000 25
(Scott: What is porcelain?)

alabaster

ScottBrandon
    $2000 12
(Charles) Comiskey

Scott
    $2000 27
Madrid

JoBeth

Scores at the end of the Double Jeopardy! Round:

Scott Brandon JoBeth
$9,300 $22,300 $8,400
(lock game)

[wagering suggestions for these scores]

Final Jeopardy! Round responses

DAYTIME TV PERSONALITIES
(Aaron: Who wanted to kick that field goal?)
[Laughter]
(Aaron: That is a great question. It should be--it should be correct, but, uh, unfortunately for this, uh, game today, it's incorrect and you are going to lose $0. Thank you for that and congrats on your 2-day win streak.)
...
(Aaron: Longtime TV host and neighbor to so many.)
JoBethWho is?
$901
ScottWho wanted to kick that field goal?
$0
BrandonWho is Mr. Rogers?
$924
Mr. (Fred) Rogers

Final scores:

Scott Brandon JoBeth
$9,300 $23,224 $7,499
2nd place: $2,000 New champion: $23,224 3rd place: $1,000

Game dynamics:

Coryat scores:

Scott Brandon JoBeth
$6,400 $19,800 $8,400
17 R
(including 1 DD),
8 W
27 R
(including 2 DDs),
4 W
12 R,
1 W

Combined Coryat: $34,600

[game clues] [game scores] [suggest correction]

Game tape date: 2021-02-17
The J! Archive is created by fans, for fans. Scraping, republication, monetization, and malicious use prohibited; this site may use cookies and collect identifying information. See terms. The Jeopardy! game show and all elements thereof, including but not limited to copyright and trademark thereto, are the property of Jeopardy Productions, Inc. and are protected under law. This website is not affiliated with, sponsored by, or operated by Jeopardy Productions, Inc. Join the discussion at JBoard.tv.